[Event "16th EUR-ch"]
[Site "Jerusalem ISR"]
[Date "2015.03.04"]
[Round "8"]
[White "Can, Emre"]
[Black "Draskovic, Luka"]
[Result "1-0"]
[WhiteElo "2555"]
[BlackElo "2432"]
[EventDate "2015.02.24"]
[PlyCount "61"]

1.d4 Nf6 2.Nf3 e6 3.g3 b5 4.Bg2 Bb7 5.O-O c5 6.c3 d5 7.a4 bxa4 8.c4 dxc4 
9.Qxa4+ Nbd7 10.Na3 Be7 11.Nxc4 O-O 12.Na5 Bd5 13.Nc6 Qe8 14.Bf4 Nb6 15.
Nxe7+ Qxe7 16.Qa3 Rfc8 17.b3 Qf8 18.Rfc1 cxd4 19.Qxf8+ Kxf8 20.Nxd4 Rxc1+ 
21.Bxc1 Bxg2 22.Kxg2 a6 23.f3 Ke8 24.e4 Kd7 25.Bf4 Ne8 26.Rd1 f6 27.Nf5+ 
Kc6 28.Rc1+ Kb5 29.Nd4+ Kb4 30.Bd2+ Ka3 31.Bc3 1-0

[Event "16th EUR-ch"]
[Site "Jerusalem ISR"]
[Date "2015.03.04"]
[Round "8"]
[White "Babula, Vlastimil"]
[Black "Schnabel, Ralf"]
[Result "1-0"]
[WhiteElo "2545"]
[BlackElo "2223"]
[EventDate "2015.02.24"]
[PlyCount "49"]

1.d4 f5 2.g3 Nf6 3.Bg2 g6 4.b3 Bg7 5.Bb2 d6 6.Nf3 O-O 7.O-O Qe8 8.c4 e5 9.
dxe5 Ng4 10.Qd5+ Kh8 11.Qd2 Nxe5 12.Nc3 Nbc6 13.Nd5 Nxf3+ 14.exf3 Qf7 15.
Rae1 Rb8 16.f4 b5 17.cxb5 Rxb5 18.Re3 Bb7 19.Rfe1 h5 20.Nc3 Rb4 21.Bxc6 
Bxc6 22.Re7 Rd4 23.Qc1 Qg8 24.Rxg7 Kxg7 25.Qe3 1-0

[Event "16th EUR-ch"]
[Site "Jerusalem ISR"]
[Date "2015.03.04"]
[Round "8"]
[White "Grigoryan, Karen"]
[Black "Sarana, Alexey"]
[Result "1/2-1/2"]
[WhiteElo "2596"]
[BlackElo "2419"]
[EventDate "2015.02.24"]
[PlyCount "47"]

1.d4 Nf6 2.Bg5 d5 3.Bxf6 exf6 4.e3 c5 5.c3 Nc6 6.Ne2 Qb6 7.Qc1 Be6 8.Nd2 
Rc8 9.dxc5 Bxc5 10.Nb3 O-O 11.Nxc5 Qxc5 12.Nd4 Nxd4 13.exd4 Qe7 14.Be2 Bf5
15.Qe3 Qxe3 16.fxe3 Be4 17.Bf3 f5 18.a4 Rfe8 19.Kf2 Re6 20.a5 Bxf3 21.Kxf3
Rce8 22.Rhe1 g5 23.g3 Re4 24.Kf2 1/2-1/2

[Event "16th EUR-ch"]
[Site "Jerusalem ISR"]
[Date "2015.03.04"]
[Round "8"]
[White "Bok, Benjamin"]
[Black "Usmanov, Vasily"]
[Result "1-0"]
[WhiteElo "2587"]
[BlackElo "2414"]
[EventDate "2015.02.24"]
[PlyCount "131"]

1.e4 e6 2.d4 d5 3.Nd2 Nf6 4.e5 Nfd7 5.f4 c5 6.c3 Nc6 7.Ndf3 Qb6 8.g3 a5 9.
Ne2 a4 10.a3 Be7 11.Bh3 cxd4 12.cxd4 Qb3 13.Qxb3 axb3 14.Nd2 Nb4 15.Kf2 b6
16.Nxb3 Nc2 17.Rb1 Ba6 18.Bd2 Bc4 19.Na1 Nxa1 20.Rxa1 Nb8 21.Rhc1 Kd7 22.
f5 Nc6 23.Be3 Bxe2 24.Kxe2 Na5 25.Rc2 Rhc8 26.Rac1 Rc4 27.Rxc4 Nxc4 28.Rc2
Nxe3 29.Kxe3 Ra4 30.Kd3 h5 31.Rc3 g5 32.fxg6 fxg6 33.b4 g5 34.Kd2 Ra8 35.
Bf1 Rf8 36.Bb5+ Kd8 37.Ke2 g4 38.Ba6 Kd7 39.Bb5+ Kd8 40.Ba6 Kd7 41.Bd3 Rc8
42.Bb5+ Kd8 43.Rxc8+ Kxc8 44.Be8 h4 45.Bh5 hxg3 46.hxg3 Kd7 47.Bxg4 b5 48.
Kd3 Bg5 49.Bd1 Bc1 50.a4 bxa4 51.Bxa4+ Kc7 52.Be8 Bg5 53.b5 Bd8 54.g4 Kc8 
55.Bf7 Kd7 56.Bg8 Bh4 57.b6 Kc6 58.Bxe6 Kxb6 59.Bxd5 Kb5 60.Ba8 Bd8 61.Ke4
Kc4 62.d5 Kc5 63.d6 Bh4 64.Kf5 Kd4 65.e6 Kc5 66.e7 1-0

[Event "16th EUR-ch"]
[Site "Jerusalem ISR"]
[Date "2015.03.04"]
[Round "8"]
[White "Timofeev, Artyom"]
[Black "Reshef, Omer"]
[Result "1/2-1/2"]
[WhiteElo "2564"]
[BlackElo "2402"]
[EventDate "2015.02.24"]
[PlyCount "84"]

1.e4 e5 2.Nf3 Nc6 3.Bb5 a6 4.Ba4 Nf6 5.O-O Nxe4 6.d4 b5 7.Bb3 d5 8.dxe5 
Be6 9.Nbd2 Nc5 10.c3 Be7 11.Bc2 d4 12.Nb3 d3 13.Bb1 Nxb3 14.axb3 Bf5 15.b4
O-O 16.Re1 Qd7 17.h3 Rfd8 18.Bf4 a5 19.g4 Bg6 20.bxa5 Rxa5 21.Rxa5 Nxa5 
22.e6 fxe6 23.Ne5 Qd5 24.Nxg6 hxg6 25.Bxc7 d2 26.Rf1 Nc4 27.Bxd8 Nxb2 28.
Bxe7 Nxd1 29.Rxd1 Qb3 30.Rxd2 Qxb1+ 31.Kg2 Qe1 32.Rd3 Kf7 33.Bd6 Qe4+ 34.
Rf3+ Ke8 35.Kg3 g5 36.Re3 Qd5 37.Be5 Kf7 38.Kh2 Kg6 39.Kg1 Kf7 40.Kh2 Kg6 
41.Kg1 Kf7 42.Kh2 Kg6 1/2-1/2

[Event "16th EUR-ch"]
[Site "Jerusalem ISR"]
[Date "2015.03.04"]
[Round "8"]
[White "Battaglini, Gabriel"]
[Black "Mikhalevski, Victor"]
[Result "1-0"]
[WhiteElo "2460"]
[BlackElo "2559"]
[EventDate "2015.02.24"]
[PlyCount "87"]

1.Nf3 Nf6 2.c4 g6 3.Nc3 d5 4.cxd5 Nxd5 5.e4 Nxc3 6.bxc3 Bg7 7.Be2 c5 8.O-O
Nc6 9.Qa4 Bd7 10.Qa3 b6 11.Rd1 e5 12.d4 cxd4 13.cxd4 Nxd4 14.Nxd4 exd4 15.
Bf4 d3 16.Qxd3 Bxa1 17.e5 g5 18.Bg3 Ba4 19.Qa3 Qxd1+ 20.Bxd1 Bxd1 21.Qc1 
Ba4 22.h3 Rd8 23.Qxg5 Bd4 24.Qg7 Rf8 25.Qxh7 Bc5 26.h4 Rd4 27.h5 Rg4 28.
Kh2 Rfg8 29.e6 fxe6 30.Qxa7 Bd7 31.Qb8+ Ke7 32.Qe5 R4g5 33.Qe2 Rh8 34.Bh4 
Bd6+ 35.g3 Rg8 36.f4 Bc6 37.Bxg5+ Kd7 38.Qd3 Ra8 39.Qh7+ Kc8 40.Qc2 Kb7 
41.h6 e5 42.h7 Rf8 43.Qg6 Bc7 44.Qg8 1-0

[Event "16th EUR-ch"]
[Site "Jerusalem ISR"]
[Date "2015.03.04"]
[Round "8"]
[White "Goryachkina, Aleksandra"]
[Black "Oparin, Grigoriy"]
[Result "1/2-1/2"]
[WhiteElo "2451"]
[BlackElo "2551"]
[EventDate "2015.02.24"]
[PlyCount "82"]

1.Nf3 d5 2.d4 Nf6 3.c4 e6 4.Nc3 Be7 5.Bf4 O-O 6.e3 Nbd7 7.c5 Nh5 8.Bd3 
Nxf4 9.exf4 b6 10.b4 a5 11.a3 c6 12.O-O Qc7 13.g3 Ba6 14.Bxa6 Rxa6 15.Qe2 
Raa8 16.Kg2 Bf6 17.Qc2 Ra7 18.Rfc1 Rfa8 19.Rab1 axb4 20.axb4 Ra3 21.Rb3 b5
22.Rxa3 Rxa3 23.Qb2 Qa7 24.Re1 Qa8 25.h4 h5 26.Rd1 Nf8 27.Ne1 Ng6 28.Nc2 
Ra7 29.Qc1 Ne7 30.Qd2 Nf5 31.Qd3 g6 32.Qd2 Bg7 33.Re1 Kh7 34.Kf1 Qh8 35.
Rd1 Re7 36.Ne2 Ra7 37.Qc3 Bf6 38.Ra1 Qa8 39.Qb2 Rxa1+ 40.Nxa1 Qa4 41.Nc2 
Kg8 1/2-1/2

[Event "16th EUR-ch"]
[Site "Jerusalem ISR"]
[Date "2015.03.04"]
[Round "8"]
[White "Gruenfeld, Yehuda"]
[Black "Indjic, Aleksandar"]
[Result "1/2-1/2"]
[WhiteElo "2444"]
[BlackElo "2546"]
[EventDate "2015.02.24"]
[PlyCount "127"]

1.e4 d6 2.d4 Nf6 3.Nc3 e5 4.Nf3 Nbd7 5.Bc4 Be7 6.O-O Nb6 7.Be2 exd4 8.Qxd4
O-O 9.Bf4 Nfd7 10.Rad1 Bf6 11.Qd2 Re8 12.Nd4 Nc5 13.f3 Bd7 14.Bg3 g6 15.
Rfe1 Bg7 16.Bf1 a6 17.Qf2 Qe7 18.f4 Nca4 19.Nxa4 Nxa4 20.c3 Nc5 21.e5 dxe5
22.fxe5 Bg4 23.Ra1 Ne6 24.Nb3 Rad8 25.h3 Bh5 26.a4 g5 27.Bc4 Bg6 28.Qf3 c6
29.a5 Rd7 30.Rad1 Rxd1 31.Qxd1 Rd8 32.Qf3 h5 33.Kh1 Rd7 34.Bf2 Nf4 35.Bd4 
Kh7 36.Nc5 Rd8 37.Ne4 Kh8 38.Qg3 Bxe4 39.Rxe4 c5 40.Bg1 Rd2 41.Qf3 Rxb2 
42.e6 Nxe6 43.Qxh5+ Kg8 44.Qg4 Rb1 45.Bxe6 fxe6 46.Rxe6 Qf7 47.Qc4 Re1 48.
Re4 Qxc4 49.Rxc4 Bf8 50.g3 Kf7 51.Kg2 Re5 52.Kf3 Be7 53.Be3 Rd5 54.Ra4 Rd3
55.c4 Rc3 56.Ke2 Ke6 57.h4 gxh4 58.gxh4 Rc2+ 59.Kd3 Rh2 60.Ra1 Kd7 61.Rb1 
Kc8 62.Rf1 Rxh4 63.Rf5 Rh1 64.Bxc5 1/2-1/2

[Event "16th EUR-ch"]
[Site "Jerusalem ISR"]
[Date "2015.03.04"]
[Round "8"]
[White "Deac, Bogdan-Daniel"]
[Black "Boruchovsky, Avital"]
[Result "1/2-1/2"]
[WhiteElo "2402"]
[BlackElo "2536"]
[EventDate "2015.02.24"]
[PlyCount "208"]

1.Nf3 c5 2.c4 Nc6 3.Nc3 g6 4.g3 Bg7 5.Bg2 e6 6.O-O Nge7 7.d3 O-O 8.Bg5 h6 
9.Bd2 d5 10.a3 b6 11.Rb1 a5 12.Na4 e5 13.cxd5 Nxd5 14.Ne1 Rb8 15.Nc2 Qd6 
16.Nc3 Nxc3 17.Bxc3 b5 18.a4 b4 19.Bd2 Be6 20.Ne3 Rbd8 21.Rc1 Nd4 22.Nc4 
Qa6 23.Be3 f5 24.Bxd4 cxd4 25.Nxe5 Bxe5 26.Rc6 Qxc6 27.Bxc6 Rc8 28.Bb5 Kg7
29.Bc4 Bxc4 30.dxc4 Rxc4 31.Qd3 Rfc8 32.Rd1 h5 33.Kg2 Bf6 34.h4 R8c7 35.
Rd2 R4c6 36.Qf3 Rc5 37.e3 Rc2 38.Rxc2 Rxc2 39.Qb7+ Kh6 40.Qb6 Bg7 41.exd4 
Rxb2 42.d5 Rb1 43.d6 Rd1 44.Qe3+ Kh7 45.Qe6 Rd3 46.d7 b3 47.Qxb3 Rxb3 48.
d8=Q Bc3 49.Qc7+ Kh6 50.Qc4 Ra3 51.Qc5 Bb4 52.Qe5 Kh7 53.Qf6 Rc3 54.Qf7+ 
Kh6 55.Kf1 Rc8 56.Ke2 Rf8 57.Qe7 Rg8 58.Kd3 Rg7 59.Qd8 Kh7 60.Kc4 Re7 61.
Kd5 Kg7 62.Qb8 Rd7+ 63.Kc6 Re7 64.Qf4 Re4 65.Qc7+ Re7 66.Qd8 Kf7 67.Qh8 
Re8 68.Qd4 Re6+ 69.Kb5 Re4 70.Qd7+ Re7 71.Qd5+ Kf6 72.Qd4+ Kf7 73.f3 Re6 
74.g4 fxg4 75.fxg4 hxg4 76.Qxg4 Re5+ 77.Kc4 Rf5 78.Kd3 Bf8 79.Qc4+ Kg7 80.
Ke4 Kh7 81.Qc1 Bg7 82.Qd2 Re5+ 83.Kf3 Bf6 84.Qc2 Rf5+ 85.Kg3 Rh5 86.Qc7+ 
Kg8 87.Qc8+ Kh7 88.Qc7+ Bg7 89.Qd7 Rc5 90.Kh3 Rc3+ 91.Kg4 Rc4+ 92.Kh3 Rc5 
93.Kg4 Rf5 94.Kh3 Re5 95.Kg4 Rh5 96.Qb7 Kh6 97.Qf7 Re5 98.Qf4+ Kh7 99.Qc4 
Rh5 100.Qf7 Rc5 101.Qd7 Re5 102.Kh3 Kh6 103.Qd2+ Kh7 104.Qd7 Rc5 1/2-1/2

[Event "16th EUR-ch"]
[Site "Jerusalem ISR"]
[Date "2015.03.04"]
[Round "8"]
[White "Abasov, Nijat"]
[Black "Veinberg, Nimrod"]
[Result "1-0"]
[WhiteElo "2523"]
[BlackElo "2350"]
[EventDate "2015.02.24"]
[PlyCount "93"]

1.d4 Nf6 2.c4 e6 3.Nc3 Bb4 4.Qc2 d5 5.a3 Bxc3+ 6.Qxc3 Ne4 7.Qc2 c5 8.dxc5 
Nc6 9.cxd5 exd5 10.e3 Bf5 11.Bd3 Qa5+ 12.b4 Nxb4 13.axb4 Qxa1 14.Ne2 Bd7 
15.Nf4 Ba4 16.Qb2 Qxb2 17.Bxb2 Nf6 18.Bxf6 gxf6 19.Kd2 Kf8 20.Ra1 Bb3 21.
Kc3 Bc4 22.Bxc4 dxc4 23.Kxc4 Kg7 24.b5 Rhc8 25.Nd5 f5 26.Ne7 Rc7 27.Nxf5+ 
Kf6 28.Nd4 Ke5 29.Ra3 Rac8 30.Nb3 b6 31.c6 Rd8 32.Nd4 Rd5 33.f4+ Ke4 34.
Ne2 Rc5+ 35.Kb4 Kf5 36.Nc3 Ke6 37.e4 f5 38.e5 a5+ 39.bxa6 R7xc6 40.Ne2 
Rc4+ 41.Kb3 Re4 42.a7 Re3+ 43.Kb4 Rc4+ 44.Kxc4 Rxa3 45.Nd4+ Kf7 46.Nc6 Ke6
47.Kb5 1-0

[Event "16th EUR-ch"]
[Site "Jerusalem ISR"]
[Date "2015.03.04"]
[Round "8"]
[White "Popilski, Gil"]
[Black "Aharon, Ofir"]
[Result "1/2-1/2"]
[WhiteElo "2517"]
[BlackElo "2311"]
[EventDate "2015.02.24"]
[PlyCount "92"]

1.d4 Nf6 2.c4 g6 3.g3 c6 4.Bg2 d5 5.e3 Bg7 6.Ne2 O-O 7.O-O Re8 8.b3 Nbd7 
9.Bb2 e5 10.cxd5 Nxd5 11.e4 Nc7 12.Qc2 Ne6 13.dxe5 Nxe5 14.Na3 b5 15.Rad1 
Qb6 16.Nf4 Ba6 17.Nxe6 Rxe6 18.b4 Bb7 19.Nb1 a5 20.a3 axb4 21.axb4 Ra4 22.
Qd2 Bf8 23.Qd8 Qxd8 24.Rxd8 Nc4 25.Bc3 c5 26.bxc5 b4 27.Bd4 Na5 28.Be3 Nc6
29.Rd7 Ba6 30.Rfd1 Ra1 31.Nc3 Rxd1+ 32.Nxd1 Re7 33.Rxe7 Bxe7 34.f4 Na5 35.
e5 Kf8 36.Nb2 Ke8 37.c6 Nc4 38.Bf1 Nxe3 39.Bxa6 Kd8 40.Nc4 Bc5 41.Nxe3 
Bxe3+ 42.Kg2 b3 43.Bd3 Kc7 44.Be4 b2 45.Kf3 Bd4 46.g4 h6 1/2-1/2

[Event "16th EUR-ch"]
[Site "Jerusalem ISR"]
[Date "2015.03.04"]
[Round "8"]
[White "Sivuk, Vitaly"]
[Black "Gal, Moshe"]
[Result "1-0"]
[WhiteElo "2517"]
[BlackElo "2154"]
[EventDate "2015.02.24"]
[PlyCount "55"]

1.e4 Nf6 2.e5 Nd5 3.d4 d6 4.Nf3 dxe5 5.c4 e4 6.cxd5 exf3 7.Qxf3 g6 8.Nc3 
Bg7 9.Bf4 O-O 10.Bc4 c6 11.O-O Bf5 12.Rfe1 cxd5 13.Bxd5 Nc6 14.Bxc6 bxc6 
15.Be5 Bxe5 16.dxe5 Rb8 17.b3 Qa5 18.Rac1 Rfd8 19.Re3 Qa3 20.Rce1 Qa6 21.
h3 Rd2 22.Qf4 Rbd8 23.g4 Be6 24.Qg5 Qa3 25.Nb1 Qxa2 26.Nxd2 Rxd2 27.Qf4 
Bxb3 28.Rxb3 1-0

[Event "16th EUR-ch"]
[Site "Jerusalem ISR"]
[Date "2015.03.04"]
[Round "8"]
[White "Slavin, Alexey"]
[Black "Baron, Tal"]
[Result "1-0"]
[WhiteElo "2391"]
[BlackElo "2510"]
[EventDate "2015.02.24"]
[PlyCount "105"]

1.d4 Nf6 2.Nf3 d5 3.c4 e6 4.g3 Bb4+ 5.Bd2 Bd6 6.Bg2 c6 7.Qb3 O-O 8.O-O 
Nbd7 9.Nc3 Qe7 10.Bf4 dxc4 11.Bxd6 Qxd6 12.Qxc4 e5 13.Rfd1 exd4 14.Qxd4 
Qxd4 15.Nxd4 Nb6 16.b4 a6 17.Nb3 Re8 18.e4 Nc4 19.Rd4 Na3 20.Rc1 Nb5 21.
Rd2 Be6 22.Na5 Nxc3 23.Rxc3 Rad8 24.Rcc2 Bc8 25.h3 Kf8 26.f3 Ke7 27.f4 
Rxd2 28.Rxd2 Rd8 29.Rxd8 Kxd8 30.e5 Ng8 31.Kf2 Kc7 32.a3 Be6 33.Bf1 b5 34.
g4 g6 35.Bd3 Ne7 36.Bc2 Nd5 37.f5 Bc8 38.Kf3 gxf5 39.gxf5 f6 40.Ke4 Ne7 
41.exf6 Nxf5 42.Ke5 Nh6 43.Bb3 Bxh3 44.f7 Nxf7+ 45.Bxf7 Bg4 46.Be6 Bf3 47.
Bf5 h5 48.Be4 Bxe4 49.Kxe4 Kb6 50.Nb3 a5 51.Nxa5 c5 52.Nb3 c4 53.Nd4 1-0

[Event "16th EUR-ch"]
[Site "Jerusalem ISR"]
[Date "2015.03.04"]
[Round "8"]
[White "Erenberg, Ariel"]
[Black "Barnaure, Vlad-Victor"]
[Result "0-1"]
[WhiteElo "2278"]
[BlackElo "2508"]
[EventDate "2015.02.24"]
[PlyCount "176"]

1.d4 Nf6 2.c4 e6 3.Nc3 Bb4 4.f3 c5 5.d5 O-O 6.e4 d6 7.Ne2 Re8 8.Nf4 Bxc3+ 
9.bxc3 e5 10.Ne2 Nbd7 11.g4 h5 12.Ng3 hxg4 13.fxg4 Nh7 14.h4 Ndf8 15.g5 f6
16.Qh5 g6 17.Qh6 Re7 18.h5 Rg7 19.Be2 fxg5 20.Be3 gxh5 21.Qxh5 Ng6 22.Qh6 
Nf4 23.Bxf4 exf4 24.Nh5 Rf7 25.Qg6+ Kf8 26.Nxf4 Qf6 27.Rxh7 Qxc3+ 28.Kf2 
Rxf4+ 29.Kg2 Qxa1 30.Qxd6+ Kg8 31.Qg6+ Kf8 32.Qh6+ Kg8 33.Qg6+ Kf8 34.Qh6+
Kg8 35.Re7 Bh3+ 36.Qxh3 Rh4 37.Qe6+ Kh8 38.Qe5+ Qxe5 39.Rxe5 Rf8 40.d6 Rd8
41.Re6 Kg8 42.e5 b5 43.cxb5 c4 44.Re7 c3 45.Rc7 Re4 46.Bc4+ Kh8 47.d7 Rxd7
48.Rxd7 c2 49.Rd8+ Kg7 50.Rd7+ Kf8 51.Rf7+ Ke8 52.Rf1 Rxc4 53.Rc1 Ke7 54.
a4 Rc5 55.a5 Rxb5 56.Rxc2 Ke6 57.Rc7 Rxa5 58.Rg7 Kf5 59.Re7 a6 60.e6 Re5 
61.Kf3 Rxe6 62.Rf7+ Rf6 63.Rg7 Rb6 64.Rf7+ Kg6 65.Ra7 Rb3+ 66.Kg4 Rb4+ 67.
Kf3 Ra4 68.Rc7 Rf4+ 69.Kg3 a5 70.Rc6+ Kh5 71.Rc5 Ra4 72.Rc8 Ra3+ 73.Kg2 
Kh4 74.Rc7 Ra2+ 75.Kg1 a4 76.Rc3 g4 77.Kh1 Rb2 78.Ra3 Rb4 79.Kg2 Kg5 80.
Rc3 Rb2+ 81.Kg1 Rb3 82.Rc4 a3 83.Ra4 Kh4 84.Kf2 Kh3 85.Ra8 Rf3+ 86.Ke2 Kg2
87.Rg8 g3 88.Ra8 a2 0-1

[Event "16th EUR-ch"]
[Site "Jerusalem ISR"]
[Date "2015.03.04"]
[Round "8"]
[White "Andersen, Mads"]
[Black "Bakalchuk, Johnatan"]
[Result "1-0"]
[WhiteElo "2494"]
[BlackElo "2272"]
[EventDate "2015.02.24"]
[PlyCount "75"]

1.d4 Nf6 2.c4 g6 3.Nc3 Bg7 4.e4 d6 5.h3 O-O 6.Be3 Qe8 7.Nf3 e5 8.dxe5 dxe5
9.Bc5 Na6 10.Bxf8 Bxf8 11.a3 c6 12.b4 Nc7 13.c5 Nh5 14.Bc4 Be6 15.Qb3 Nf4 
16.O-O Bg7 17.Rad1 Qe7 18.Rfe1 Qf6 19.Bxe6 Ncxe6 20.Ne2 Nxe2+ 21.Rxe2 g5 
22.Rd7 h5 23.Red2 b6 24.R2d6 bxc5 25.bxc5 Bf8 26.Rxc6 Bxc5 27.Qd5 Rb8 28.
Qxe5 Qf4 29.Qxf4 gxf4 30.Rd1 Bxa3 31.Rd5 Rb1+ 32.Kh2 Bb4 33.Ng5 Nf8 34.Rf5
a5 35.Ra6 Ra1 36.Nxf7 Kg7 37.Nh6 Ng6 38.Rg5 1-0

[Event "16th EUR-ch"]
[Site "Jerusalem ISR"]
[Date "2015.03.04"]
[Round "8"]
[White "Ducarmon, Quinten"]
[Black "Zisman, Philip"]
[Result "1-0"]
[WhiteElo "2482"]
[BlackElo "2238"]
[EventDate "2015.02.24"]
[PlyCount "47"]

1.e4 c5 2.Nf3 Nc6 3.d4 cxd4 4.Nxd4 e5 5.Nb5 a6 6.Nd6+ Bxd6 7.Qxd6 Qf6 8.
Qxf6 Nxf6 9.Nc3 Nb4 10.Bd3 d5 11.exd5 Nxd3+ 12.cxd3 Bf5 13.O-O O-O-O 14.
Bg5 Bxd3 15.Rfd1 Bf5 16.f4 exf4 17.Rd4 Bg6 18.Rxf4 Rd6 19.Rc4+ Kd7 20.Bf4 
b5 21.Rc5 Rb6 22.Rc7+ Kd8 23.Ra7 Ne8 24.Re1 1-0

[Event "16th EUR-ch"]
[Site "Jerusalem ISR"]
[Date "2015.03.04"]
[Round "8"]
[White "Fischer, Sebastian"]
[Black "Givon, Asaf"]
[Result "0-1"]
[WhiteElo "2256"]
[BlackElo "2473"]
[EventDate "2015.02.24"]
[PlyCount "74"]

1.d4 Nf6 2.Nf3 g6 3.Bg5 Bg7 4.c3 O-O 5.Nbd2 d6 6.e4 c5 7.dxc5 dxc5 8.Bc4 
Nc6 9.Qe2 Qc7 10.O-O Rd8 11.Rad1 Na5 12.Bd3 Be6 13.Bb1 a6 14.Bh4 Nh5 15.e5
h6 16.Qe3 Rd7 17.h3 Rad8 18.Bc2 Bf8 19.g4 Ng7 20.Bg3 Qb6 21.b3 Nc6 22.Ne4 
Rxd1 23.Bxd1 Qa5 24.Nxc5 Qxa2 25.Nxb7 Rxd1 26.Rxd1 Qxb3 27.Qd3 Qxb7 28.Rb1
Qa7 29.Bf4 Ne8 30.Qe4 Qd7 31.Nd4 Nxd4 32.Qxd4 Qxd4 33.cxd4 Nc7 34.Rb8 g5 
35.Bd2 Nb5 36.Rd8 Bc4 37.d5 Kg7 0-1

[Event "16th EUR-ch"]
[Site "Jerusalem ISR"]
[Date "2015.03.04"]
[Round "8"]
[White "Gamayev, Oleg"]
[Black "Chekhov, Sergei"]
[Result "0-1"]
[WhiteElo "2204"]
[BlackElo "2470"]
[EventDate "2015.02.24"]
[PlyCount "144"]

1.d3 d5 2.e4 e6 3.Nf3 c5 4.Be2 Nc6 5.c3 Nf6 6.Nbd2 Be7 7.O-O O-O 8.Re1 b6 
9.exd5 exd5 10.Nf1 h6 11.Ng3 Be6 12.Bf4 d4 13.c4 Bd6 14.Bxd6 Qxd6 15.Nd2 
Rae8 16.Bf1 Qc7 17.Qa4 Bd7 18.a3 Qf4 19.Qc2 Qc7 20.Nf3 Bg4 21.Nd2 Bc8 22.
Nf3 Ne7 23.Rad1 Bb7 24.Nd2 Ng6 25.Qc1 Rd8 26.Nde4 Nh7 27.Nf5 Bc8 28.Neg3 
Nf6 29.Re2 Kh7 30.Rde1 Be6 31.h4 Qc8 32.h5 Nxh5 33.Nxh5 Bxf5 34.Rd2 Rde8 
35.Ng3 Bg4 36.Re4 Bd7 37.Rde2 Bc6 38.Rxe8 Rxe8 39.Qd2 Rxe2 40.Qxe2 Qe6 41.
Qxe6 fxe6 42.Ne2 Kg8 43.Nc1 Kf7 44.Be2 Nf4 45.g3 Nxe2+ 46.Nxe2 Bf3 47.Nc1 
a5 48.Kf1 h5 49.Nb3 g5 50.Nd2 Bc6 51.f3 Kf6 52.Kf2 Kf5 53.b3 a4 54.bxa4 
Bxa4 55.Ke2 Bc6 56.Kf2 e5 57.Nf1 g4 58.fxg4+ Kxg4 59.Nd2 Kf5 60.Ke2 e4 61.
dxe4+ Bxe4 62.Kf2 Bc6 63.Ke2 Ke5 64.Kf2 b5 65.Ke2 bxc4 66.Nxc4+ Kd5 67.
Nb6+ Ke4 68.a4 d3+ 69.Kf2 Kd4 70.a5 c4 71.a6 c3 72.Ke1 d2+ 0-1

[Event "16th EUR-ch"]
[Site "Jerusalem ISR"]
[Date "2015.03.04"]
[Round "8"]
[White "Bochkarev, Yuriy"]
[Black "Yilmazyerli, Mert"]
[Result "0-1"]
[WhiteElo "2076"]
[BlackElo "2465"]
[EventDate "2015.02.24"]
[PlyCount "58"]

1.d4 g6 2.e4 Bg7 3.Nc3 d6 4.Be3 a6 5.Qd2 b5 6.a4 b4 7.Nd1 Nf6 8.f3 O-O 9.
Qxb4 c5 10.dxc5 Nc6 11.Qd2 d5 12.exd5 Nxd5 13.c3 Rb8 14.Bc4 Nxe3 15.Qxe3 
Ne5 16.Be2 Qd5 17.Nh3 Bxh3 18.gxh3 Rfd8 19.O-O Nc4 20.Bxc4 Qxc4 21.Re1 Rd3
22.Qxe7 Rxf3 23.Qd6 Rc8 24.Ne3 Qh4 25.Re2 Bf8 26.Qd7 Rxc5 27.Ng2 Qc4 28.
Rae1 Rcf5 29.Qd8 Qxe2 0-1

[Event "16th EUR-ch"]
[Site "Jerusalem ISR"]
[Date "2015.03.04"]
[Round "8"]
[White "Belytsky, Alexandr"]
[Black "Melkumyan, Hrant"]
[Result "0-1"]
[WhiteElo "2227"]
[BlackElo "2673"]
[EventDate "2015.02.24"]
[PlyCount "72"]

1.Nf3 d5 2.d4 Nf6 3.c4 e6 4.Nc3 Nbd7 5.e3 a6 6.a4 Be7 7.Bd3 O-O 8.O-O dxc4
9.Bxc4 c5 10.a5 b5 11.axb6 Nxb6 12.Be2 Bb7 13.dxc5 Bxc5 14.Na4 Bd6 15.Qb3 
Nxa4 16.Qxb7 Nc5 17.Qb4 Nd5 18.Qg4 f5 19.Qh5 Rf6 20.Ng5 h6 21.Nf3 Nb3 22.
Rxa6 Rc8 23.Bd2 Nxd2 24.Nxd2 Nb4 25.Raa1 Bxh2+ 26.Qxh2 Qxd2 27.Ba6 Nxa6 
28.Rxa6 Qxb2 29.Qd6 Rg6 30.g3 Kh7 31.Rb6 Qe2 32.Qe5 Rc4 33.Qb5 Rxg3+ 34.
fxg3 Qxe3+ 35.Kh2 Rc2+ 36.Kh3 Qe4 0-1

[Event "16th EUR-ch"]
[Site "Jerusalem ISR"]
[Date "2015.03.04"]
[Round "8"]
[White "Georgiev, Kiril"]
[Black "Slonimskij, Arkadij"]
[Result "1-0"]
[WhiteElo "2623"]
[BlackElo "2176"]
[EventDate "2015.02.24"]
[PlyCount "63"]

1.Nf3 g6 2.d4 Bg7 3.c4 d6 4.Nc3 f5 5.e4 Nh6 6.Be2 O-O 7.O-O Nc6 8.d5 Ne5 
9.Nxe5 dxe5 10.a4 e6 11.a5 exd5 12.cxd5 Nf7 13.Be3 Nd6 14.f3 Kh8 15.Qd2 
Rf7 16.Nb5 Bd7 17.Nxd6 cxd6 18.Qb4 Be8 19.Rfc1 Bf8 20.Rc2 Rc7 21.Rc3 Be7 
22.Kh1 Qd7 23.Bb5 Qd8 24.Bxe8 Rxc3 25.bxc3 Qxe8 26.Qxb7 a6 27.c4 Bf8 28.
Rb1 Qc8 29.Qf7 Rb8 30.Rb6 Qd8 31.h3 fxe4 32.Bg5 1-0

[Event "16th EUR-ch"]
[Site "Jerusalem ISR"]
[Date "2015.03.04"]
[Round "8"]
[White "Gorodetzky, David"]
[Black "Kogan, Artur"]
[Result "1-0"]
[WhiteElo "2210"]
[BlackElo "2555"]
[EventDate "2015.02.24"]
[PlyCount "45"]

1.e4 d5 2.exd5 Qxd5 3.Nc3 Qa5 4.d4 Nf6 5.Nf3 c6 6.Bc4 b5 7.Bb3 e6 8.O-O 
Be7 9.Re1 O-O 10.d5 Rd8 11.Bd2 b4 12.dxe6 bxc3 13.exf7+ Kf8 14.Qe2 Qc7 15.
Bxc3 Nd5 16.Ng5 Bf5 17.Bxd5 Rxd5 18.Qxe7+ Qxe7 19.Rxe7 Na6 20.Rae1 Rdd8 
21.Re8+ Rxe8 22.Bxg7+ Kxg7 23.Rxe8 1-0

[Event "16th EUR-ch"]
[Site "Jerusalem ISR"]
[Date "2015.03.04"]
[Round "8"]
[White "Katzir, Moshe"]
[Black "Zoler, Dan"]
[Result "0-1"]
[WhiteElo "2196"]
[BlackElo "2527"]
[EventDate "2015.02.24"]
[PlyCount "73"]

1.e4 c5 2.Nf3 d6 3.d4 Nf6 4.Nc3 cxd4 5.Nxd4 a6 6.Be2 g6 7.O-O Bg7 8.Be3 
O-O 9.Nb3 Nc6 10.f4 Rb8 11.Bf3 Bd7 12.a4 Be6 13.Nd5 Bxd5 14.exd5 Na5 15.
Nxa5 Qxa5 16.c3 Rbc8 17.Re1 Rfe8 18.Qb3 Qc7 19.Bf2 Nd7 20.Re2 Nc5 21.Qc2 
b5 22.axb5 axb5 23.Rae1 Bf6 24.g4 Qd7 25.Qd2 Na4 26.Bd4 Bxd4+ 27.Qxd4 Rc4 
28.Qd2 f6 29.f5 g5 30.h4 h6 31.Kg2 Rcc8 32.Rh1 Kg7 33.hxg5 hxg5 34.Rh5 Rh8
35.Rxg5+ Kf7 36.Rg6 Rcg8 37.Re6 0-1

[Event "16th EUR-ch"]
[Site "Jerusalem ISR"]
[Date "2015.03.04"]
[Round "8"]
[White "Makhmutov, Rail"]
[Black "Kunin, Michael"]
[Result "1-0"]
[WhiteElo "2448"]
[BlackElo "2147"]
[EventDate "2015.02.24"]
[PlyCount "97"]

1.d4 d5 2.c4 c6 3.Nc3 e6 4.e3 f5 5.Bd3 Nf6 6.Nge2 Bd6 7.f3 Nbd7 8.Qc2 O-O 
9.Bd2 dxc4 10.Bxc4 Nb6 11.Bb3 Kh8 12.e4 e5 13.dxe5 Bxe5 14.O-O-O fxe4 15.
Bg5 Qc7 16.Bxf6 Bxf6 17.Nxe4 Bf5 18.Kb1 a5 19.a3 a4 20.Ba2 Rae8 21.Nd4 
Bxe4 22.fxe4 Qe5 23.Rhe1 h6 24.Nf3 Qb5 25.e5 Bxe5 26.Ka1 Bf6 27.Bb1 g6 28.
Nh4 Rxe1 29.Nxg6+ Kg7 30.Rxe1 Bxb2+ 31.Qxb2+ Qxb2+ 32.Kxb2 Rf2+ 33.Kc3 
Rxg2 34.Re7+ Kf6 35.Rxb7 Nd5+ 36.Kd4 Rxh2 37.Ne5 Rh4+ 38.Be4 Ke6 39.Nd3 
Nf6 40.Nc5+ Kd6 41.Rb6 Nxe4 42.Nxe4+ Kc7 43.Rb4 Rg4 44.Rxa4 h5 45.Kc5 h4 
46.Ra7+ Kb8 47.Re7 h3 48.Kb6 Kc8 49.Re8+ 1-0

[Event "16th EUR-ch"]
[Site "Jerusalem ISR"]
[Date "2015.03.04"]
[Round "8"]
[White "Drori, Saar"]
[Black "Nakar, Eylon"]
[Result "0-1"]
[WhiteElo "2173"]
[BlackElo "2435"]
[EventDate "2015.02.24"]
[PlyCount "130"]

1.e4 c6 2.d4 d5 3.e5 Bf5 4.Nf3 e6 5.Be2 Nd7 6.O-O h5 7.c4 dxc4 8.Bxc4 Nb6 
9.Be2 Nh6 10.Nc3 Be7 11.Be3 Bg6 12.a3 Nf5 13.Bd3 h4 14.h3 Bh5 15.Be2 Qd7 
16.Rc1 Rd8 17.Ne4 Bxf3 18.Bxf3 Nxd4 19.Bxd4 Qxd4 20.Nd6+ Rxd6 21.exd6 Qxd6
22.Qxd6 Bxd6 23.Rfd1 Kd7 24.b3 Nd5 25.Bxd5 exd5 26.a4 a5 27.Kf1 Be5 28.Rd3
Kd6 29.Rc2 Rh5 30.Ke2 Rg5 31.Kf3 Rf5+ 32.Ke2 Rg5 33.Kf3 c5 34.Rcd2 Bd4 35.
Re2 f6 36.g4 hxg3 37.fxg3 Rf5+ 38.Kg2 Re5 39.Kf3 Kc6 40.g4 b5 41.h4 b4 42.
Rd1 Kd6 43.h5 Ke6 44.Rxe5+ fxe5 45.g5 Kf5 46.h6 gxh6 47.gxh6 Kg6 48.Rh1 
Kh7 49.Kg4 c4 50.Kh5 cxb3 51.Kg4 e4 52.Rf1 b2 53.Rd1 Kxh6 54.Rh1+ Kg6 55.
Rb1 Kf6 56.Rd1 Ke6 57.Rb1 Kd6 58.Rd1 Kc5 59.Rf1 Kc4 60.Rd1 Kb3 61.Rb1 Kxa4
62.Rd1 Kb3 63.Rh1 a4 64.Rh3+ Bc3 65.Rh1 a3 0-1

[Event "16th EUR-ch"]
[Site "Jerusalem ISR"]
[Date "2015.03.04"]
[Round "8"]
[White "Murey, Jacob"]
[Black "Berenboym, Igor"]
[Result "1-0"]
[WhiteElo "2428"]
[BlackElo "2112"]
[EventDate "2015.02.24"]
[PlyCount "56"]

1.e4 c5 2.Nf3 Nc6 3.d4 cxd4 4.Nxd4 e5 5.Nb5 a6 6.Nd6+ Bxd6 7.Qxd6 Qf6 8.
Qd2 Qg6 9.Nc3 d5 10.Nxd5 Qxe4+ 11.Ne3 Nf6 12.Bd3 Qh4 13.Nc4 O-O 14.Qg5 
Qxg5 15.Bxg5 b5 16.Bxf6 bxc4 17.Be4 gxf6 18.Bxc6 Rb8 19.O-O-O Bb7 20.Rd6 
a5 21.Re1 Bxc6 22.Rxc6 Rfc8 23.Rxf6 Kg7 24.Rf5 f6 25.f4 Kg6 26.g4 exf4 27.
Re6 Rf8 28.Rxf4 c3 1-0

[Event "16th EUR-ch"]
[Site "Jerusalem ISR"]
[Date "2015.03.04"]
[Round "8"]
[White "Kraus, Yair"]
[Black "Petenyi, Tamas"]
[Result "0-1"]
[WhiteElo "2129"]
[BlackElo "2428"]
[EventDate "2015.02.24"]
[PlyCount "60"]

1.d4 Nf6 2.c4 d6 3.Nc3 Nbd7 4.e4 e5 5.d5 g6 6.Be3 Bg7 7.f3 O-O 8.Qd2 Nh5 
9.Bd3 f5 10.Nge2 Nf4 11.Nxf4 exf4 12.Bxf4 fxe4 13.fxe4 Qh4+ 14.g3 Qe7 15.
O-O Ne5 16.Bxe5 Rxf1+ 17.Bxf1 Qxe5 18.Bg2 Bd7 19.Rf1 a6 20.Rf2 Qd4 21.Qe2 
b5 22.cxb5 axb5 23.a3 b4 24.Nb1 Rf8 25.Bf3 Bb5 26.Qxb5 Rxf3 27.Qf1 Rxf2 
28.Qxf2 Qd1+ 29.Qf1 Qc2 30.h4 b3 0-1